000 00220nam a2200097Ia 4500
005 20251222114341.0
008 251222s1900||||xx |||||||||||||| ||spa||
082 _aDVD0090/V19/2003
245 0 _aBuscando el Azul:
942 _cDVD
999 _c864
_d864